[Event "Dresden zt 1.2"]
[Site "Dresden"]
[Date "1998.05.05"]
[Round "7"]
[White "Sermek, Drazen"]
[Black "Soln, Primoz"]
[Result "1-0"]
[WhiteElo "2510"]
[BlackElo "2350"]
[Annotator "Har Zvi,R"]
[PlyCount "85"]
[EventDate "1998.04.28"]
[EventType "swiss"]
[EventRounds "11"]
[EventCountry "GER"]
[SourceTitle "CBM 065"]
[Source "ChessBase"]
[SourceDate "1998.08.06"]
[SourceVersion "1"]
[SourceVersionDate "1998.08.06"]
[SourceQuality "1"]

1. e4 c5 2. c3 Nf6 3. e5 Nd5 4. Nf3 d6 5. Bc4 Nb6 6. Bb3 Nc6 7. exd6 Qxd6 8.
Na3 a6 9. d4 cxd4 10. O-O Bf5 11. Nxd4 Nxd4 12. cxd4 e6 13. Qf3 Qd7 (13... Qc6
14. d5 Nxd5 15. Rd1 Nb6 (15... Bxa3 16. Bxd5 $1 (16. bxa3 $2 Nc3 $1 $15 (16...
O-O $2 17. Bxd5 $18)) 16... exd5 17. Qxf5 $40 (17. Qxa3 $5)) (15... Rd8 16. Bg5
{/\Rc1+/-}) (15... Nb4 16. Qg3 $40) 16. Qg3 {><g7} Nd5 (16... g6 17. Be3 Bg7
18. Rac1 $18) (16... Nd7 17. Bf4 {/\Rc1} Bxa3 18. bxa3 O-O 19. Rac1 Qb5 20. a4
$18) (16... Bg6 17. Be3 Bxa3 18. bxa3 O-O 19. Rd6 Qc3 20. Rc1 $18) 17. Nc4 {
><d6} Rd8 18. Ne3 $1 Bg6 (18... Nxe3 19. Bxe3 Rxd1+ 20. Rxd1 {/\Qb8+-} Qc8 21.
Bb6 $18) 19. Nxd5 exd5 20. Bg5 $18 {1-0 Sermek,D-Kiselev,S/Ljubljana Iskra
1992/CBM 31/[Blatny,P] (23)}) 14. d5 (14. Nc2 $5 Bxc2 $1 $11) 14... Nxd5 (14...
exd5 $6 15. Qg3 $16) 15. Rd1 Bxa3 (15... Rd8 16. Nc4 $1 $16) 16. bxa3 O-O 17.
Bb2 (17. h4 $5 Rac8 $8 (17... Rad8 $2 18. g4 g6 19. h5 $18) (17... h6 $2 18.
Bxd5 exd5 19. Rxd5 $18) 18. Bb2 $5 (18. Bxd5 exd5 19. Rxd5 Qe6 20. Rxf5 Qe1+
21. Kh2 Rxc1 22. Rxc1 Qxc1 23. Qxb7 Qxa3 24. Qd5 Qe7 $11) (18. Rd2 $5 $14)
18... Rc5 $6 (18... Bc2 $1 19. Bxg7 $5 (19. Qg4 $2 f5 $17) 19... Bxd1 (19...
Kxg7 $2 20. Qg4+ Kh8 21. Rxd5 $16) 20. Qg3 Bh5 $1 21. Bb2+ (21. Bxf8+ $6 Kxf8
22. Qe5 Bg4 $1 $17) 21... Bg6 22. h5 $44) 19. Rd2 Qc8 20. a4 $5 a5 (20... b5 $5
) 21. Rad1 h6 $6 (21... f6 $5) 22. Bxd5 exd5 23. Rxd5 b6 $2 (23... Rxd5 24.
Rxd5 Be6 25. Rxa5 Bxa2 $14) 24. Qg3 f6 25. Bxf6 $1 $16 {1-0 Okhotnik,
V-Shnaider,A/USSR 1987/Inf 43 (36)}) (17. Bxd5 $5 exd5 18. Rxd5 Qe6 $15) 17...
Rad8 (17... Rfd8 $5) 18. h4 {threatening g4 and h5 winning the bishop} f6 (
18... h6 19. Rac1 f6 $4 20. Rc5 Rfe8 21. Bxd5 exd5 22. Rcxd5 Re1+ 23. Rxe1 {
1-0 Daniliuk,S-Sapunov,E/RUS-sf 1995/EXP 49} (23. Rxe1 Qxd5 24. Re8+ Kf7 25.
Rxd8 Qxd8 26. Qxf5)) (18... Qb5 $5 {this is a very serious and important move
here which white must consider when deciding to play this line} 19. g4 Bg6 (
19... Bc2 $2 20. Rxd5 exd5 21. Qc3 d4 22. Qxc2) 20. h5 $6 Bc2 21. Rxd5 $4 Rxd5
22. Qc3 Rg5) 19. Rd4 Bg6 (19... Rfe8 $5 20. Rad1 Qc8 21. g4 (21. Rc1 Qd7 22.
Rc5 $6 (22. Rcd1 Qc8 $11) 22... Qd6 {[%csl Rg1] now black will have Re1 after
the opening of the "e" file}) 21... Bg6 22. h5 Bf7 23. h6 gxh6 $5 24. Bxd5 Rxd5
25. Qxf6 Rxd4 26. Rxd4 e5 {when it's white who is in troubles}) (19... h6 $2 {
the idea is not to allow white to play h5-h6 but this loses tacticaly} 20. Rad1
Qc8 $8 21. Rc1 $1 Qd7 (21... Nc7 22. Qxf5) 22. Rc5 $1 {fanstasic,the two rooks
are now attacking the "d5" knight not from "d4" and "d1" but the "d1" rook had
gone to "c5" winning the game for white} Qe7 23. Rcxd5 exd5 24. Qxf5 $18) 20.
h5 Bf7 21. h6 Qe7 (21... gxh6 22. Bxd5 exd5 23. Qxf6 Bg6 24. Qh4 $44 {[%csl
Rg8][%cal Ga1h8]}) 22. Re1 Nc7 (22... Qd6 23. hxg7 Kxg7 24. Qg4+ $1 Kh8 (24...
Bg6 25. Rxe6 $18) 25. Bxd5 exd5 26. Rf4 Rde8 (26... Bg6 27. Re6 Qd7 28. Rfxf6
$18) (26... Bh5 27. Qxh5 Qxf4 28. Re7 $18) 27. Bxf6+ Qxf6 28. Rxf6 Rxe1+ 29.
Kh2 $18) 23. Rg4 Bg6 24. Qxb7 Rf7 (24... Rd7 25. Rd4 $1 {threatening Rxd7 and
after Bxe6} Bf5 (25... Rfd8 {[%tqu "En","can you find a beautiful win here??",
"","","b7c7","",7]} 26. Qxc7 $3 Rxc7 27. Rxe6 $18) 26. Rxd7 Qxd7 27. Rd1 Qc8
28. Qxc8 (28. Qf3 $5) 28... Rxc8 29. Rd7 gxh6 30. Bxf6 $16) 25. hxg7 Kxg7 26.
a4 $14 {we can easily that white has managed to do what he wanted to,he has
weakened black's king,he got his pawn back,he has strong pressure on the
king's side with his two powerful bishops,very pleasent to have the white
pieces here} Rd7 (26... Qd6 $5) 27. Qf3 {just look at black's pieces no a very
nice sight} (27. Rc1 $5) 27... Rf8 {[%cal Ge6e5]} 28. Rc4 e5 29. Rc6 $16 {
[%csl Ra6]} Rd3 (29... a5 30. Qc3 $16 {[%csl Ra5][%cal Gf2f4,Ga1h8]}) 30. Qg4
Nd5 (30... Qd7 31. Qc4 $1 (31. Qxd7+ Rxd7 32. Rec1 Nd5 33. Rd1 $1 $16) 31...
Ne8 (31... Nd5 $2 32. Rxe5 $1 {and the diagonal is open!} fxe5 33. Bxe5+ Nf6 (
33... Kg8 34. Rxg6+ hxg6 35. Qxd3) 34. Rc7) 32. Qc5 $1 $18) 31. Rxa6 Qb7 32.
Rd6 (32. Re6 $5) 32... Nf4 (32... Ne3 $5 {this could be a chance to make
thing's more difficult for white,but still also here white can get a clear
advantage} 33. Rxe3 Rxd6 34. Ba3 Qd7 (34... Rfd8 35. Bxd6 Rxd6 36. Qc4 $16) 35.
Qxd7+ Rxd7 36. Bxf8+ Kxf8 37. Rc3 $16) 33. Rd1 (33. Rxd3 Nxd3 34. Rd1 $16)
33... Rxd6 34. Rxd6 Qe4 35. Kh2 Qe1 $2 (35... Nd3 $2 36. Rd7+ Kh8 37. Qxe4 Bxe4
38. Ba3 Rc8 39. Be7 Kg7 40. f3 $1 Bf5 (40... Bg6 41. Bd8+ {[%cal Gd8f6]}) 41.
Rd6 $18 {[%csl Rf6]}) (35... h5 36. Rd7+ Kh8 37. Qf3 Qxf3 38. gxf3 $16 {
but it seems here black may have some chances to save the game,for sure better
than the game continued}) 36. Qf3 $2 (36. Ba3 $1 $18 {the game is over right
now after this move}) 36... Qb1 (36... Be4 37. Qg4+ Bg6 38. Ba3 $18) (36... Qe4
37. Qxe4 Bxe4 38. f3 $18) 37. Ba3 $18 Qf5 38. g4 Qg5 39. Rd7+ Rf7 40. Rxf7+ {
to be honest I can not understand why not Bxf7??} (40. Bxf7 Bxf7 41. Bc1) 40...
Bxf7 41. Bc1 Qh4+ $6 (41... Qh6+ $142 42. Kg1 Ne2+ 43. Qxe2 Qxc1+ 44. Kg2 Bg6
$16) 42. Kg1 Ne6 (42... Nh3+ 43. Kg2 $18) 43. Be3 {[%cal Ga4a5,Ga5a6]} 1-0

[Event "Krynica zt"]
[Site "Krynica"]
[Date "1998.09.08"]
[Round "7"]
[White "Hracek, Zbynek"]
[Black "Georgiev, Vladimir"]
[Result "1-0"]
[WhiteElo "2615"]
[BlackElo "2540"]
[Annotator "Har Zvi,R"]
[PlyCount "85"]
[EventDate "1998.09.02"]
[EventType "swiss"]
[EventRounds "9"]
[EventCountry "POL"]
[SourceTitle "CBM 067"]
[Source "ChessBase"]
[SourceDate "1998.11.30"]
[SourceVersion "2"]
[SourceVersionDate "1998.11.01"]
[SourceQuality "1"]

{[%mdl 108]} 1. e4 c5 2. Nf3 Nc6 3. c3 d5 4. exd5 Qxd5 5. d4 Bg4 6. Be2 cxd4 7.
cxd4 e6 8. Nc3 Qa5 9. h3 Bh5 10. d5 exd5 11. Nd4 Nxd4 (11... Bxe2 12. Qxe2+ Be7
13. Nxc6 bxc6 14. O-O Kf8 15. Bf4 (15. Re1 Qd8 $1 { g6, <<g7, >>f6} 16. b3 $5
(16. Bf4 $142 $13 {Maksimenko,A}) 16... Bb4 $1 17. Bb2 h5 18. Qd3 Rh6 $15 {
~~ Markovic,M-Maksimenko,A/Vrnjacka Banja 1992/Inf 54}) 15... h5 16. a3 Qd8 17.
b4 Bd6 18. Be3 Ne7 19. Rfd1 a6 20. Na4 Nf5 21. Bb6 Qg5 22. Qd2 Bf4 23. Qd3 Rh6
$36 {/-/+ 1-0 Zakharov,A-Tunik,G/RUS-Cup8 1997/EXP 58 (57) /}) 12. Bxh5 Ne6 (
12... Nc6 13. O-O Nf6 14. Bg5 Be7 15. Bxf6 Bxf6 16. Re1+ Kf8 17. Qb3 Qb6 18.
Qxb6 axb6 19. Nxd5 Bd4 20. Nc7 Rd8 21. Re2 g6 22. Bf3 Kg7 23. Rae1 Bc5 24. Nb5
{1/2-1/2 Zulfugarli,M-Mchedlishvili,M/EU-chJM U20 1996/JUN 97}) 13. O-O Nf6 14.
Re1 g6 15. Bg4 Nxg4 16. Qxg4 Be7 $146 {this is a new move,16...Qb4 was played
before by two strong GM but both lost in a vonvincing way,and got very bad
position in a few move after Qb4,also in this game black position was not so
solid,black must come to a decision here or this position is playable or not!}
(16... O-O-O 17. Bg5 Rd7 18. Bf6 h5 19. Qf3 Rg8 20. Rac1 Bh6 21. b4 Qa6 22. Rc2
Kb8 23. Nxd5 $36 {1-0 Werner,I-Blazkova,P/WchJW U18 1996/JUN 97 (42)}) (16...
Qb4 17. Bf4 Rd8 18. Rxe6+ (18. Qf3 Bg7 19. Bg5 d4 20. Bxd8 dxc3 21. Bf6 cxb2
22. Rab1 O-O 23. Bxg7 Kxg7 24. Qb3 Qxb3 25. axb3 Rd8 26. Rxb2 $16 {1-0 Shaked,
T-Palac,M/Cannes op18th 1997/EXP 57 (75)}) 18... fxe6 19. Re1 Rd6 20. a3 $1 Qc4
21. Rxe6+ Kf7 22. Rxd6 Bxd6 23. Bxd6 Qxg4 24. hxg4 d4 25. Nd1 Ke6 26. Bf4 $16 {
/+- 1-0 Godena,M-Sermek,D/Cannes op18th 1997/EXP 57 (38)}) 17. Bh6 {[%csl Re8]}
d4 (17... O-O-O 18. Qf3 $1 (18. Rac1 Kb8) 18... Bf8 19. Qxf7 Bxh6 20. Qxe6+ Kb8
21. Qe5+ $1 Qc7 22. Qxc7+ Kxc7 23. Rad1 $16) 18. Ne2 {[%cal Ge2f4,Ge2d4]} Qf5 (
18... d3 $5 19. Nf4 d2 20. Rxe6 fxe6 21. Nxe6 $40 Kf7 22. Qc4 $1) 19. Qxf5 gxf5
20. Ng3 Rd8 (20... f4 21. Nf5 {[%csl Rd4,Re8,Rf4][%cal Gh6f4]}) 21. Nxf5 Rd5
22. g4 $14 {white is better here,first of all black has weak pawns on the
king's side,scondly a weak king in the center of the board and even move
important black's pass "d" pawn is not an advantage but a weakness which white
will use,plus of course white has more active pieces} Bb4 23. Red1 Kd7 (23...
d3 24. Rac1 $1 {[%csl Rd3]} Kd7 25. a3 Ba5 26. b4 $18 {[%cal Gc1c3]}) 24. Rd3
$1 {not allowing the "d4" to advance,making a blockade on the "d3"is very
important now the rook in a few more moves the a better piece to blockade-the
knight} Bc5 25. Rad1 Rd8 26. Kf1 b5 27. Rf3 $1 $16 {[%cal Gf5g3,Gg3h5,Gh5f4,
Gf4d3] the begining of a very strong plan,ftranferring the knight to "d3"
creating the perfect blockade and by doing also attacking the "f7" pawn,the
knight on "f5" stands good but does nothing!} Kc6 28. Ng3 R8d7 29. Nh5 {
[%cal Gh5f6]} Re5 30. Bf4 $1 Nxf4 (30... Red5 31. Nf6) (30... Re4 31. Bg3 {
[%cal Gh5f6]}) 31. Nxf4 Rg5 32. Nd3 {white managed to finish his plan with
100% of success,now black's position is really critical,white has almost all
possible advantages,it seems black is simply hopeless here,bad paen structure,
weak pawns,bad bishop,bad king and so on} Bd6 33. Rf6 $16 {/+-} Kd5 34. f4 Rg6
35. Rf5+ Kc4 {losing the king,but any way black is lost} (35... Kc6 36. Rc1+
Kb6 37. Rd5 {winning the "d4" pawn}) {[%tqu "En","What do you think about
black's king on 'c4'?? try to mate him!","","","f1e2","",5]} 36. Ke2 {[%csl
Rc4]} Re6+ 37. Kd2 Bb4+ 38. Kc1 Rc7 39. Kb1 f6 40. h4 Ba5 41. b3+ Kc3 42. Rxb5
Bb6 43. Nb2 1-0

[Event "RUS-ch51"]
[Site "St Petersburg"]
[Date "1998.07.31"]
[Round "4"]
[White "Smagin, Sergey"]
[Black "Filippov, Valerij"]
[Result "1-0"]
[WhiteElo "2575"]
[BlackElo "2595"]
[Annotator "Har Zvi,R"]
[PlyCount "61"]
[EventDate "1998.07.28"]
[EventType "swiss"]
[EventRounds "11"]
[EventCountry "RUS"]
[SourceTitle "CBM 067"]
[Source "ChessBase"]
[SourceDate "1998.11.30"]
[SourceVersion "2"]
[SourceVersionDate "1998.11.01"]
[SourceQuality "1"]

{[%mdl 228]} 1. e4 {Baburin} c5 2. Nf3 e6 3. c3 Nf6 4. e5 Nd5 5. d4 cxd4 6.
cxd4 Nc6 7. Bc4 d6 8. O-O Be7 9. Qe2 O-O 10. a3 {[%csl Rb4] preventing Nb4 in
some variations,and giving a place for the bishop on "a2" when needed} Qc7 (
10... Re8 11. Bd3 g6 12. Qe4 a6 13. Bh6 dxe5 14. dxe5 f5 15. exf6 Nxf6 {
[%csl Re6]} (15... Bxf6 16. Ra2 e5 17. Bc4 Be6 18. Rd1 Nd4 19. Nxe5 b5 20. Rxd4
(20. Bf1 Bxe5 21. Qxe5 Nf5 22. Bc1 Bf7 {and you can believe it or not but the
queen has been trapped in the middle of the board in probably the strangest
way I have ever seen!!}) 20... bxc4 21. Nd2) 16. Qe2 Ng4 (16... e5 $2 17. Bc4+
Kh8 18. Ng5 $18) 17. Bf4 $14 {1-0 Zakharov,A-Kalegin,E/RUS-Cup4 1997/CBM 58/
[Har Zvi] (29)}) (10... Qb6 11. Rd1 Na5 12. Nbd2 Bd7 13. Ba2 Ba4 14. Re1 Bb3
15. Bb1 Rfc8 16. Qe4 g6 17. Qg4 Qc7 18. h4 $13 {Sveshnikov,E-Timoshenko,G SSSR
1974}) (10... b6 11. Qe4 Bb7 12. Bd3 g6 13. Bh6 Re8 14. Nbd2 Qd7 15. Rfe1 Nd8
16. Qe2 f5 17. exf6 Bxf6 18. Rac1 a6 19. Ne4 Bg7 20. Qd2 $14 {0-1 Mihaljcisin,
M-Lakic,N/Banja Luka 1976/MCL 08 (40)}) (10... Nb6 11. Bd3 dxe5 12. dxe5 Nd4
13. Nxd4 Qxd4 14. Rd1 Qc5 15. Nc3 Bd7 16. Bf4 $14 {1/2-1/2 Mihaljcisin,M-Trepp,
M/Banja Luka 1987/EXT 87 (42)}) 11. Re1 {white plan is to attack on the king's
side,I myself prefer white here without any questions,he has a nice space
advantage no weaknesses and just slight initiative-enough} Rd8 12. h4 {it is
clear what white wants,but I think this is too quick,and white should first
devlope his pieces on the Queen's side '!?' Baburin. Baburin: 'A well-known
motif - White plans Bd3 and Qe4, so it will be useful to have the pawn ready
on h4, anticipating ...g6.'} (12. Nbd2 dxe5 13. dxe5 Na5 {[%cal Gd5f4]}) 12...
dxe5 13. dxe5 Nb6 $6 {this move caused black many troubles how to devlope is
pieces,13...b6 with Bb7 and sometimes Na5 seems more sound} (13... b6 $5) 14.
Ba2 (14. Bd3 $5) 14... Nd4 15. Nxd4 Rxd4 16. Nc3 $1 {[%cal Gc3b5]} Rd8 (16...
Rxh4 17. g3 Rc4 (17... Rd4 18. Nb5) 18. Bxc4 Qxc4 {Baburin: 'but perhaps it
would be a better way to defend.'} (18... Nxc4 19. b3 Nb6 20. Bb2 $14 {/+/-})
19. Qxc4 Nxc4 20. Re4 $16) (16... Bd7 $2 17. Be3 Rxh4 18. g3 $16 {[%csl Rh4]}
Rc4 $4 19. Bxb6 $18) (16... Qc6 $5 17. Be3 $5 (17. g3) (17. Bg5 $5 Bxg5 18.
hxg5 Nd5 19. Bxd5 $5 (19. Nxd5 exd5 20. Rac1 Qb6) 19... exd5 20. Rad1 (20. Qe3
Rg4 21. f3 d4) 20... Bg4 21. f3 Rxd1 22. Rxd1 Be6 23. Qf2 $36 {[%csl Rd5]})
17... Rxh4 18. Rac1 Bd8 (18... Nc4 19. Nb1 b5 20. b3 Bb7 21. f3 $18) (18... Bd7
$8 $44 {with a very complicated and unclear position}) 19. Nb5 (19. Red1 Be7 (
19... Bd7 $2 20. Rd6 $1 Qc8 21. g3 $18) 20. b4 $16 {[%cal Gb4b5]} (20. Nb5 $5
Qe4 21. Qd3 Qxd3 22. Rxd3 $16 {[%cal Gb5d6,Ga6a7]})) 19... Qe8 20. g3 Ra4 21.
Nd6 $44 {/+/-}) 17. Qg4 $36 {now there is no more question about the position,
white has nice initiative on the king's side when black has nothing in return
for that} Bd7 (17... Kh8 18. Bg5 Bxg5 19. hxg5 {[%csl Rh7,Rh8][%cal Gh1h7]})
18. Bh6 Bf8 (18... g6 19. h5 Bxa3 $4 20. bxa3 Qxc3 21. Qg5 $18) 19. h5 $16 {
[%cal Gh6g7,Yh5h6] so now white's h4 has a becomes very important!,the threat
is of course Bxg7 followed by h6 Baburin: 'White threatens to play 20 Bxg7
Bxg7 21 h6.'} Kh8 20. Bg5 Re8 21. h6 g6 22. Rac1 Bc6 (22... Rac8 23. Qf4 $18
Bc6 (23... Kg8 24. Ne4) 24. Nb5 {[%cal Gb5d6]}) 23. Nb5 $1 $18 {'!' Baburin.
Baburin: 'As White has weakened the dark-squares around the enemy king his
knight will be practically untouchable on d6. To bring the knight there and to
force Black to take it is White's main task here.'} Qb8 (23... Qd7 24. Red1 Qc8
(24... Bd5 25. Nc7 $18) (24... Nd5 25. Bxd5 Bxb5 (25... exd5 26. Qxd7 Bxd7 27.
Nc7 $18) (25... Bxd5 26. Nc7 $18) 26. Bf6+ Kg8 27. Be4 $18 {[%csl Rd7]})) 24.
Qf4 Kg8 (24... Bxb5 25. Qxf7 Nd7 26. Rcd1 $18 {[%cal Gd1d7]}) 25. Nd6 Bxd6 26.
exd6 {'+-' Baburin.} Nd7 27. Rcd1 {white's plan seems very simple but with it
unstopable,first defend the "d6" pawn with rook,then play Qd4 so to force "e5"
opening the a1-g8 diagonal,then play Be7 and all you have to do to win is
create a battery along the a2-g8 and the game is over-what actully happaned in
the game} a5 (27... b5 28. Qd4 e5 29. Qc3 Qb7 30. Be7 $18) 28. Qd4 e5 {Baburin:
'This is the only way to block the a1-h8 diagonal, but now the b3-B turns into
a monster.'} 29. Qc3 Qa7 30. Be7 Qc5 31. Bxf7+ {'!' Baburin.} 1-0

[Event "RUS-ch51"]
[Site "St Petersburg"]
[Date "1998.08.04"]
[Round "8"]
[White "Voitsekhovsky, Stanislav"]
[Black "Filippov, Valerij"]
[Result "1-0"]
[WhiteElo "2545"]
[BlackElo "2595"]
[Annotator "Har Zvi,R"]
[PlyCount "61"]
[EventDate "1998.07.28"]
[EventType "swiss"]
[EventRounds "11"]
[EventCountry "RUS"]
[SourceTitle "CBM 067"]
[Source "ChessBase"]
[SourceDate "1998.11.30"]
[SourceVersion "2"]
[SourceVersionDate "1998.11.01"]
[SourceQuality "1"]

1. e4 c5 2. c3 Nf6 3. e5 Nd5 4. d4 cxd4 5. cxd4 d6 6. Nf3 Nc6 7. Nc3 dxe5 8.
dxe5 Be6 9. Qa4 $146 (9. Nb5 Qb6 10. Nbd4 O-O-O 11. Nxc6 bxc6 12. Bd2 Nb4 13.
Qa4 c5 14. Bxb4 Qxb4+ 15. Qxb4 cxb4 16. Ng5 Bd5 17. Rc1+ Kb8 18. Rd1 Kc7 19. e6
Rd6 $1 $132 {0-1 Csom,I-Rodriguez,R/Lugano olm 1968/MCD-ol (68)}) (9. Ne4 Ndb4
10. Bd2 Bf5 11. Bxb4 Qxd1+ 12. Rxd1 Bxe4 13. Ng5 Bg6 14. Bb5 e6 15. Bxf8 Rxf8
16. Ke2 Ke7 $13 {1/2-1/2 Csom,I-Matulovic,M/Vrsac 1969/MCD-r6 (38)}) (9. Nd4
Nxd4 10. Qxd4 Nxc3 11. Qxc3 a6 12. Be2 Rc8 13. Qb4 Qd5 14. O-O Qxe5 15. Re1 b5
16. a4 $36 {1-0 Sveshnikov,E-Tal,M/URS-ch47 1979/URS-ch (74)}) (9. Bb5 Nxc3 10.
Qxd8+ Rxd8 11. bxc3 Bd7 12. a4 e6 13. Be3 Be7 14. O-O O-O 15. Rfd1 a6 16. Bb6
Ra8 17. Be2 Be8 18. Rab1 Rc8 19. a5 Kh8 20. Bc4 $36 {1-0 Manca,F-Tsuboi,E/Novi
Sad olm 1990/TD 90\06 (47)}) (9. Be2 Nxc3 10. Qxd8+ Rxd8 11. bxc3 f6 12. Rb1
Rd7 13. Nd4 Nxd4 14. cxd4 Kf7 15. O-O Bxa2 16. Ra1 Bd5 17. Rxa7 e6 18. Ra8 Rg8
19. Bb5 Bc6 20. Bxc6 bxc6 $11 {1/2-1/2 Adamski,A-Milovanovic,R/Warsaw 1988/EXT
88 (45)}) 9... Ndb4 $2 (9... Nxc3 10. bxc3 Bd5 {[%cal Ge7e6] this is a
critical line that must be checked by white players,I believe black should be
OK here,of course 9...Ndb4 seems wrong and after white's strong reply black is
in trouble}) 10. Bb5 $1 {[%cal Ga4b4]} a6 (10... Nd3+ 11. Ke2 Nxc1+ 12. Raxc1
Qb6 13. Rhd1 $36 {[%cal Gc3d5] /+/-}) (10... Qd7 11. O-O $16 {[%cal Gf1d1]})
11. Qxb4 $1 axb5 12. Qxb5 $16 {[%csl Rb7,Re8] so,white got simply a big
advantage after the opening,pawn up and even some initiative} Qa5 $2 {as
happans many times black could accept being much worse fighting for a draw and
says let's play for everyting,winning quickly or losing quickly,it's much more
losing quickly!!b} (12... Qc7 $142 $5) 13. Qxb7 Nxe5 14. O-O {[%csl Re8]} Nxf3+
(14... Qa6 15. Qe4 Nxf3+ 16. Qxf3 Bc4 17. Rd1 e6 18. b3 $18) 15. Qxf3 Rc8 16.
Be3 {it not possible to play a pawn down when you also suffer from a king
stuck in the center} Bc4 (16... g6 17. Bd4 Rg8 (17... f6 18. Bxf6 $18) 18. Rad1
) 17. Rfc1 {[%csl Rh8]} e6 18. Qg3 $1 {[%csl Rg7]} f6 19. b3 Ba6 20. Na4 $1 $18
{a very good move,the rule is if you have an attack try to exchange your
opponent best defencive pieces,in this case the "c8" rook} Kf7 21. Rxc8 Bxc8
22. Nb6 $1 {cutting the queen from defending the "c7" square} Be7 23. Qc7 Ba6 {
[%cal Gh8c8]} 24. Qa7 $1 {[%csl Ra6][%cal Ga7a5]} Rd8 25. h3 {making room for
the king} Ke8 26. Nc4 Qb5 27. Bb6 Rc8 (27... Rd7 28. Qa8+ Kf7 29. a4 {[%csl
Ra6]}) 28. Re1 e5 29. Rc1 {threatening "a4"} Qd5 30. Qxa6 Ra8 31. Ne3 1-0

[Event "RUS-ch51"]
[Site "St Petersburg"]
[Date "1998.07.30"]
[Round "3"]
[White "Sveshnikov, Evgeny"]
[Black "Sakaev, Konstantin"]
[Result "1/2-1/2"]
[WhiteElo "2575"]
[BlackElo "2635"]
[Annotator "Har Zvi,R"]
[PlyCount "59"]
[EventDate "1998.07.28"]
[EventType "swiss"]
[EventRounds "11"]
[EventCountry "RUS"]
[SourceTitle "CBM 067"]
[Source "ChessBase"]
[SourceDate "1998.11.30"]
[SourceVersion "2"]
[SourceVersionDate "1998.11.01"]
[SourceQuality "1"]

1. e4 c5 2. c3 Nf6 3. e5 Nd5 4. Nf3 Nc6 5. d4 cxd4 6. cxd4 d6 7. Bc4 Nb6 8. Bb5
dxe5 9. Nxe5 Bd7 10. Nxd7 Qxd7 11. Nc3 e6 12. Qg4 h5 (12... a6 13. Bxc6 Qxc6
14. O-O h5 15. Qe2 Be7 16. Be3 h4 17. Rac1 $13 {1/2-1/2 Sveshnikov,E-Kovalev,A/
Spring op 1989/TD 89\06 (29)}) (12... g6 13. O-O Bg7 14. d5 (14. Rd1 Nd5 15.
Bc4 O-O-O 16. Qg3 Qc7 17. Qh4 Nxc3 18. bxc3 e5 $13 {1-0 Birnboim,N-Zueger,B/
EUchT qual 1982/MCD-r8 (50)}) 14... Nxd5 15. Rd1 Rd8 16. Nxd5 exd5 17. Bxc6
bxc6 18. Re1+ Kf8 19. Qb4+ Qd6 20. Qa5 Qd7 21. Qc5+ Kg8 22. Bg5 $44 {1-0
Machulsky,A-Tsarev,V/Kiev 1989/CBM 15 (32)}) (12... Rd8 13. Be3 {1/2-1/2 Novik,
M-Alterman,V/URS-chJ 1990/TD 90\02}) 13. Qf3 a6 14. Bxc6 Qxc6 15. Qxc6+ bxc6
16. Be3 (16. Ke2 Kd7 17. Ne4 Nd5 18. Bd2 Be7 19. Rhc1 {1/2-1/2 Sveshnikov,
E-Shirov,A/Val Maubuee op 1990/EXT 90op}) 16... Kd7 {it is quite simple to
know white advantages and disadvantages in this positions. white's advantages:
the weaknesses in black's pawn formation on the Queen's side,play along the
half open "c" file white's disadvantages: an isolated "d" pawn, a bad blocked
bishop on "e3". it seems many times that this position is just equal with very
few chances for both sides to do soemthing here} (16... Bb4 17. Ke2 Kd7 18.
Rhc1 Rhb8 19. Ne4 Nd5 20. Rc2 a5 21. Bd2 Be7 22. f3 a4 $132 {1/2-1/2 Rosandic,
D-Moiseev,V/Oberwart op 1991/TD 91\08 (42)}) 17. Ke2 Nd5 $146 {it seems to me
that by plating such an opening with the white pieces and espcially this line
means ok I want 100% draw and 1-2% winning chance,look at Sveshnikov's game
against Shirov from 1990 same story.} (17... Bd6 18. Ne4 Nd5 19. Nxd6 Kxd6 20.
Rhc1 Rhb8 21. b3 a5 22. Rc5 a4 23. Rac1 Rb6 24. b4 Rxb4 25. Rxc6+ Kd7 26. R6c4
Rb2+ 27. R1c2 Rxc2+ 28. Rxc2 Rb8 29. Bd2 Rb1 30. h4 g6 {1/2-1/2 Stripunsky,
A-Dvoirys,S/Katowice op 1992/TD 92\04}) 18. Rac1 Bd6 19. Na4 Rab8 20. Rc4 {
[%cal Gh1c1]} Nb6 21. Nxb6+ Rxb6 22. b3 Rb5 {and now there is really not to
much in the position} 23. Rhc1 Rc8 24. h3 Rd5 25. Ra4 Ra8 {of course not "a5"
which is a weakness} (25... a5 26. Bd2 {[%csl Ra5]}) 26. Rcc4 Kc7 27. Bd2 Kb6
28. Bb4 Rd8 29. Bd2 Be7 30. Be3 1/2-1/2